| 000 | 00917nam a2200217Ia 4500 | ||
|---|---|---|---|
| 003 | GCL | ||
| 008 | 140319s9999 xx 000 0 ara d | ||
| 040 |
_aGCL / _cGCL |
||
| 082 | 0 | 4 |
_a189 _bر ف |
| 100 | 1 | _aابن رشد : ابوالوليد محمد بن احمد بن محمد الاندلسى القرطبى | |
| 245 | 1 | 0 |
_aكتاب فصل المقال و تقرير ما بين الشريعة والحكمة من الاتصال : _bابن رشد / _cابن رشد : ابوالوليد محمد بن احمد بن محمد الاندلسى القرطبى |
| 700 | 1 | _aمحمد عمارة | |
| 700 | 1 | _aسميح دغيم | |
| 260 |
_aالقاهرة : _bدار المعارف ، _c1983 |
||
| 260 |
_aبيروت : _bدار الفكر اللبنانى ، _c1983 |
||
| 300 |
_a102 ص ؛ _c24 سم |
||
| 490 | _a | ||
| 650 | 0 | 4 | _aالفلسفة الاسلامية |
| 650 | 0 | 4 | _aالاسلام |
| 942 |
_2ddc _cBK |
||
| 999 |
_c55767 _d55767 |
||